Cơ sở kĩ thuật đo trong chế tạo máy
Zapisane w:
| 1. autor: | |
|---|---|
| Format: | Książka |
| Język: | Undetermined |
| Wydane: |
Hà Nội
KHKT
1984
|
| Hasła przedmiotowe: | |
| Etykiety: |
Dodaj etykietę
Nie ma etykietki, Dołącz pierwszą etykiete!
|
| Thư viện lưu trữ: | Trung tâm Học liệu Trường Đại học Cần Thơ |
|---|
| LEADER | 00561nam a2200181Ia 4500 | ||
|---|---|---|---|
| 001 | CTU_15795 | ||
| 008 | 210402s9999 xx 000 0 und d | ||
| 082 | |a 621.8 | ||
| 082 | |b Th400 | ||
| 100 | |a Hồ Đắc Thọ | ||
| 245 | 0 | |a Cơ sở kĩ thuật đo trong chế tạo máy | |
| 245 | 0 | |c Hồ Đắc Thọ, Nguyễn Thị Xuân Bảy | |
| 260 | |a Hà Nội | ||
| 260 | |b KHKT | ||
| 260 | |c 1984 | ||
| 650 | |a machine design | ||
| 904 | |i Nguyễn Quang Điền, 970505 | ||
| 980 | |a Trung tâm Học liệu Trường Đại học Cần Thơ | ||